[Event "X Festival Ducale A"]
[Site "Genova ITA"]
[Date "2002.11.27"]
[Round "4"]
[White "Morselli, Stefano"]
[Black "Antoniacci, Riccardo"]
[Result "1-0"]
[WhiteElo "1750"]
[BlackElo "1927"]
[PlyCount "58"]
[EventDate "2002.11.25"]

1. Nf3 c5 2. g3 d5 3. Bg2 Nc6 4. c4 d4 5. d3 e5 6. O-O Be7 7. b4 cxb4 8. a3 Qc7
9. axb4 Bxb4 10. Ba3 f6 11. Bxb4 Nxb4 12. Qa4+ Nc6 13. Na3 Nge7 14. Nb5 Qd8 15.
c5 Kf8 16. Nd6 Nf5 17. Nxc8 Rxc8 18. Nd2 Nfe7 19. Nc4 Rc7 20. Nd6 Qd7 21. Rfb1
g6 22. Qb3 Nd8 23. Nxb7 Nxb7 24. Bxb7 Kg7 25. Rxa7 Rb8 26. Qb6 Nc6 27. Bxc6
Rxb6 28. cxb6 Qxc6 29. Rxc7+ Kh6 1-0

[Event "X Festival Ducale A"]
[Site "Genova ITA"]
[Date "2002.11.27"]
[Round "4"]
[White "Paragua, Mark"]
[Black "Fossati, Remigio"]
[Result "1-0"]
[WhiteElo "2476"]
[BlackElo "1807"]
[PlyCount "103"]
[EventDate "2002.11.25"]

1. e4 c5 2. Nf3 e6 3. d3 Nc6 4. g3 d5 5. Qe2 Nge7 6. Bg2 g6 7. O-O Bg7 8. c3 b6
9. e5 Qc7 10. Re1 Ba6 11. Na3 h6 12. h4 Nf5 13. Nc2 c4 14. d4 Bf8 15. Ne3 Nxe3
16. Bxe3 Ne7 17. Nh2 Nf5 18. Ng4 O-O-O 19. Bd2 Be7 20. b3 Kb8 21. Reb1 Qc8 22.
Qd1 Rdg8 23. a4 cxb3 24. Rxb3 Bc4 25. Rb2 Kc7 26. Rab1 Kd7 27. Qc1 g5 28. hxg5
hxg5 29. a5 b5 30. Rxb5 Bxb5 31. Rxb5 Qc6 32. Qb1 Kc7 33. Rxd5 exd5 34. Qxf5
Qe6 35. Ne3 Qxf5 36. Nxf5 Ba3 37. Bxd5 Rh7 38. c4 Rb8 39. Be4 Rhh8 40. Bxg5 Bb4
41. d5 Bxa5 42. c5 Rb4 43. Bf3 Rc4 44. Be3 Bb4 45. c6 Bc5 46. d6+ Kb6 47. c7
Bxe3 48. Nxe3 Rc1+ 49. Kg2 a5 50. Bd5 Rf8 51. Nc4+ Kc5 52. d7 1-0

[Event "X Festival Ducale A"]
[Site "Genova ITA"]
[Date "2002.11.27"]
[Round "4"]
[White "Pircher, Karl"]
[Black "Rivara, Massimo"]
[Result "1/2-1/2"]
[WhiteElo "2058"]
[BlackElo "1672"]
[PlyCount "33"]
[EventDate "2002.11.25"]

1. d4 Nf6 2. c4 e6 3. Nc3 Bb4 4. Qc2 O-O 5. Bg5 d5 6. e3 h6 7. Bh4 b6 8. cxd5
exd5 9. Nf3 Re8 10. Be2 Bg4 11. O-O Bxc3 12. Qxc3 Ne4 13. Qc2 Qd6 14. Rac1 c5
15. dxc5 bxc5 16. Rfd1 Nd7 17. Qb3 1/2-1/2

[Event "X Festival Ducale A"]
[Site "Genova ITA"]
[Date "2002.11.27"]
[Round "4"]
[White "Roversi, Stefano"]
[Black "Bonani, Georg"]
[Result "1-0"]
[WhiteElo "2043"]
[BlackElo "1743"]
[PlyCount "95"]
[EventDate "2002.11.25"]

1. e4 e5 2. Nf3 Nc6 3. Bb5 a6 4. Ba4 Nf6 5. O-O Be7 6. Re1 b5 7. Bb3 O-O 8. a4
Bb7 9. axb5 axb5 10. Rxa8 Qxa8 11. d3 d6 12. Nc3 b4 13. Nd5 Nxd5 14. Bxd5 Na5
15. Bxb7 Qxb7 16. b3 c5 17. Bb2 Nc6 18. Nd2 f5 19. exf5 Rxf5 20. Qg4 Qc8 21.
Ra1 Qf8 22. Qc4+ Kh8 23. Ne4 h6 24. Qd5 Nd8 25. Bc1 Kh7 26. Be3 Kg6 27. Ra6 Qf7
28. Qxc5 Ne6 29. Qd5 Nc7 30. Qxf7+ Kxf7 31. Nxd6+ Bxd6 32. Rxd6 Nb5 33. Rb6 Na3
34. Rxb4 Nxc2 35. Rb7+ Kg6 36. b4 Na3 37. b5 e4 38. Rb6+ Kf7 39. Rb7+ Ke6 40.
dxe4 Rxb5 41. Rxb5 Nxb5 42. f4 Kf6 43. Kf2 Ke6 44. Kf3 g6 45. g4 Nc3 46. f5+
gxf5 47. exf5+ Kf6 48. Bd4+ 1-0

[Event "X Festival Ducale A"]
[Site "Genova ITA"]
[Date "2002.11.27"]
[Round "4"]
[White "Sareen, Vishal"]
[Black "Massa, Giovanni"]
[Result "1-0"]
[WhiteElo "2335"]
[BlackElo "2096"]
[PlyCount "67"]
[EventDate "2002.11.25"]

1. e4 c5 2. Nf3 Nc6 3. d4 cxd4 4. Nxd4 g6 5. Nc3 Bg7 6. Be3 Nf6 7. Bc4 O-O 8.
Bb3 Qa5 9. O-O d6 10. h3 Bd7 11. f4 Nxd4 12. Bxd4 Bc6 13. Nd5 Bxd5 14. exd5 Nd7
15. Bxg7 Kxg7 16. Qd4+ f6 17. Rae1 Rfe8 18. Re3 Qc5 19. Qd3 Qc7 20. Rfe1 Nc5
21. Qe2 Kf7 22. c3 Nxb3 23. axb3 Rac8 24. Kh1 Qd7 25. Re6 Rc5 26. Qg4 Qc7 27.
c4 b5 28. f5 bxc4 29. fxg6+ hxg6 30. Qh4 Kg7 31. Rxf6 Rxd5 32. Rfe6 Re5 33.
R1xe5 dxe5 34. Qg5 1-0

[Event "X Festival Ducale A"]
[Site "Genova ITA"]
[Date "2002.11.27"]
[Round "4"]
[White "Stroppa, Daniel"]
[Black "Mrdja, Milan"]
[Result "0-1"]
[WhiteElo "2274"]
[BlackElo "2368"]
[PlyCount "106"]
[EventDate "2002.11.25"]

1. d4 c5 2. d5 g6 3. e4 Bg7 4. Nf3 d6 5. Nc3 Nf6 6. Bb5+ Nbd7 7. a4 O-O 8. O-O
Ne8 9. Re1 Rb8 10. Bf4 a6 11. Bf1 f6 12. Nd2 Rf7 13. Bg3 f5 14. exf5 gxf5 15.
Bf4 Ne5 16. Nf3 Nxf3+ 17. Qxf3 Nf6 18. h3 Nd7 19. Qg3 Kh8 20. Be2 Nf6 21. Qh4
Bd7 22. a5 Qc7 23. Bf3 Rg8 24. Bh6 Bc8 25. Bxg7+ Rfxg7 26. Re2 Qd8 27. Rae1 Nd7
28. Kh1 e5 29. Qxd8 Rxd8 30. g3 Nf6 31. Bg2 Rdg8 32. Bf1 h5 33. Kh2 h4 34. Re3
Rh7 35. gxh4 Rxh4 36. Rg3 Rf8 37. Rg6 Kh7 38. Rg3 Kh6 39. Rd3 Kg6 40. Ne2 Ra4
41. Ra3 Rh4 42. Bg2 Kf7 43. Ng1 Ng4+ 44. Kg3 f4+ 45. Kf3 Nf6 46. Ke2 e4 47. f3
e3 48. c4 Rg8 49. Kf1 Nd7 50. b4 cxb4 51. Rb3 Ne5 52. Rc1 Bf5 53. Re1 Nxc4 0-1

[Event "X Festival Ducale A"]
[Site "Genova ITA"]
[Date "2002.11.27"]
[Round "4"]
[White "Van Hoolandt, Patrick"]
[Black "Fongarolli, Diego"]
[Result "1-0"]
[WhiteElo "2173"]
[BlackElo "2089"]
[PlyCount "69"]
[EventDate "2002.11.25"]

1. c4 e5 2. g3 Nf6 3. Bg2 d5 4. cxd5 Nxd5 5. Nc3 Nb6 6. Nf3 Nc6 7. a3 Be7 8. b4
Be6 9. Rb1 a6 10. d3 f5 11. O-O Nd5 12. Bb2 Bf6 13. Na4 O-O 14. Nc5 Bc8 15. Qb3
Kh8 16. Nxe5 Nxe5 17. Qxd5 Qxd5 18. Bxd5 Rb8 19. Ne6 Bxe6 20. Bxe6 g6 21. Rfc1
Rbe8 22. Bd5 c6 23. Bg2 Rf7 24. a4 Kg7 25. Rc2 Rd7 26. h3 h5 27. f4 Nf7 28. b5
cxb5 29. axb5 Bxb2 30. Rbxb2 axb5 31. Rxb5 Nd6 32. Rb6 Kf7 33. Bd5+ Kg7 34. Bb3
Kh6 35. Ba4 1-0

[Event "X Festival Ducale A"]
[Site "Genova ITA"]
[Date "2002.11.28"]
[Round "5"]
[White "Carosso, Andrea"]
[Black "Mollero, Michele"]
[Result "1/2-1/2"]
[WhiteElo "1738"]
[BlackElo "2164"]
[PlyCount "113"]
[EventDate "2002.11.25"]

1. c4 c6 2. Nc3 d5 3. cxd5 cxd5 4. d4 Nc6 5. Bf4 Nf6 6. Nf3 Bf5 7. e3 e6 8. Bb5
Be7 9. Ne5 Qb6 10. Qb3 Rc8 11. O-O O-O 12. Bxc6 bxc6 13. Rfc1 Qa6 14. Na4 Ne4
15. f3 Nd2 16. Qd1 Nc4 17. Nxc4 dxc4 18. e4 Bg6 19. Qc2 f5 20. e5 c5 21. Qxc4
Qxc4 22. Rxc4 cxd4 23. Rxd4 Be8 24. Rc1 Rxc1+ 25. Bxc1 Bb5 26. Bd2 Rc8 27. Bc3
g5 28. h3 Kf7 29. Kh2 Bc4 30. b3 Bb5 31. Bb4 Rc2 32. Rd2 Rxd2 33. Bxd2 Bxa4 34.
bxa4 Kg6 35. g3 Bc5 36. Kg2 Bd4 37. f4 gxf4 38. Bxf4 a6 39. Kf3 h5 40. g4 fxg4+
41. hxg4 Bb2 42. gxh5+ Kxh5 43. Ke4 Kg6 44. Be3 Kf7 45. Bc5 Ke8 46. Bd6 Kd7 47.
Kd3 Kc6 48. Kc4 Bc1 49. Bb8 Ba3 50. Ba7 Bf8 51. Bb8 Kb7 52. Bd6 Bxd6 53. exd6
Kc6 54. d7 Kxd7 55. a5 Kd6 56. Kd4 Kc6 57. Ke5 1/2-1/2

[Event "X Festival Ducale A"]
[Site "Genova ITA"]
[Date "2002.11.28"]
[Round "5"]
[White "Frigieri, Fabrizio"]
[Black "Bartonicek, Zdenek"]
[Result "1/2-1/2"]
[WhiteElo "2052"]
[BlackElo "2109"]
[PlyCount "133"]
[EventDate "2002.11.25"]

1. e4 c5 2. Nf3 Nc6 3. d4 cxd4 4. Nxd4 g6 5. c4 Bg7 6. Be3 d6 7. Be2 Nf6 8. Nc3
Bd7 9. O-O O-O 10. f3 Nxd4 11. Bxd4 Bc6 12. Qd2 Nd7 13. Be3 a5 14. Rac1 Nc5 15.
Rfd1 Qb6 16. Rc2 Rfc8 17. Bf1 Qb4 18. Qe2 a4 19. Nd5 Bxd5 20. exd5 Bf6 21. g3
Rc7 22. Bh3 Rb8 23. f4 Qa5 24. f5 b5 25. fxg6 hxg6 26. Rf1 Bg7 27. Qf2 Rf8 28.
Bd4 Ne4 29. Qe3 Bxd4 30. Qxd4 Nf6 31. b3 axb3 32. axb3 bxc4 33. Ra1 Qxd5 34.
Qxd5 Nxd5 35. Rxc4 Rxc4 36. bxc4 Nb6 37. Ra7 e6 38. Bf1 Rc8 39. Ra6 Nxc4 40.
Bxc4 Rxc4 41. Rxd6 Rc2 42. Ra6 Kg7 43. Rb6 g5 44. g4 Rc4 45. h3 Rc2 46. Ra6 Kf6
47. Ra7 Kg6 48. Ra8 Rd2 49. Ra6 Kg7 50. Ra7 Kg6 51. Ra6 Re2 52. Rb6 f5 53. Kf1
Re4 54. gxf5+ Kxf5 55. Rb8 Re5 56. Kf2 Kf4 57. Rb4+ Re4 58. Rb8 Rc4 59. Rf8+
Ke4 60. Rg8 Rc3 61. Rxg5 Rxh3 62. Ra5 Rh2+ 63. Ke1 e5 64. Ra3 Kf4 65. Rb3 e4
66. Ra3 Rg2 67. Rb3 1/2-1/2

[Event "X Festival Ducale A"]
[Site "Genova ITA"]
[Date "2002.11.28"]
[Round "5"]
[White "Gorshkova, Irina"]
[Black "Capurro, Giuliano"]
[Result "1/2-1/2"]
[WhiteElo "2190"]
[BlackElo "2048"]
[PlyCount "60"]
[EventDate "2002.11.25"]

1. e4 e5 2. Nf3 Nf6 3. Nxe5 d6 4. Nf3 Nxe4 5. Nc3 Nf6 6. d4 d5 7. Bg5 Be7 8.
Ne5 O-O 9. Be2 Nc6 10. O-O Be6 11. f4 Ne4 12. Bxe7 Nxe7 13. Bd3 f6 14. Nf3 Nf5
15. Re1 Nxc3 16. bxc3 Qd7 17. Rb1 Nd6 18. Nd2 Bg4 19. Qc1 Rfe8 20. c4 dxc4 21.
Nxc4 Be6 22. Nxd6 Qxd6 23. c3 b6 24. Qc2 h6 25. Qf2 c5 26. Rbd1 cxd4 27. cxd4
Rad8 28. Bb5 Re7 29. Rc1 Bd5 30. Rxe7 Qxe7 1/2-1/2

[Event "X Festival Ducale A"]
[Site "Genova ITA"]
[Date "2002.11.28"]
[Round "5"]
[White "Lazic, Miroljub"]
[Black "Van Hoolandt, Patrick"]
[Result "1-0"]
[WhiteElo "2461"]
[BlackElo "2173"]
[PlyCount "79"]
[EventDate "2002.11.25"]

1. Nf3 Nf6 2. g3 b5 3. Bg2 Bb7 4. O-O e6 5. d3 c5 6. e4 d6 7. Nh4 d5 8. e5 Nfd7
9. f4 Be7 10. Nf3 Nc6 11. Nbd2 Qb6 12. c3 a5 13. Qe2 a4 14. a3 g6 15. Re1 Na5
16. Kh1 d4 17. Rb1 Bd5 18. Qf2 Rd8 19. Ng5 Bxg2+ 20. Qxg2 Bxg5 21. fxg5 Nc6 22.
cxd4 cxd4 23. Nf3 Nc5 24. Qe2 Rd5 25. Bf4 O-O 26. h4 b4 27. Nh2 Qb5 28. Rbd1
Nd7 29. Ng4 bxa3 30. bxa3 Rb8 31. h5 Ne7 32. hxg6 hxg6 33. Qh2 Nf5 34. Nf6+ Kf8
35. Bd2 Ke7 36. Bb4+ Kd8 37. g4 Nxf6 38. exf6 Ne3 39. Rc1 Kd7 40. Qc7+ 1-0

[Event "X Festival Ducale A"]
[Site "Genova ITA"]
[Date "2002.11.28"]
[Round "5"]
[White "Mrdja, Milan"]
[Black "Georgiev, Vladimir"]
[Result "0-1"]
[WhiteElo "2368"]
[BlackElo "2501"]
[PlyCount "80"]
[EventDate "2002.11.25"]

1. e4 c5 2. Nf3 Nc6 3. d4 cxd4 4. Nxd4 Qb6 5. Nb3 Nf6 6. Nc3 e6 7. Qe2 Qc7 8.
f4 d6 9. g4 a6 10. Bg2 b5 11. g5 Nd7 12. O-O Be7 13. Kh1 Bb7 14. Bd2 O-O 15. a4
b4 16. Nd5 exd5 17. exd5 Na7 18. Bxb4 Rae8 19. Rfe1 Nc5 20. Nd4 Qd7 21. Qf3 Bd8
22. b3 Rxe1+ 23. Rxe1 Re8 24. Rxe8+ Qxe8 25. h4 Bc8 26. Kh2 h6 27. Bc3 hxg5 28.
hxg5 f6 29. Ne6 Nxe6 30. dxe6 Qxe6 31. Bd4 Qf7 32. g6 Qxg6 33. Bxa7 Qxc2 34.
Qd5+ Kh8 35. Qc4 Qxc4 36. bxc4 Ba5 37. Kg3 Bd7 38. Bb7 Be1+ 39. Kf3 a5 40. Ke2
Bb4 0-1

[Event "X Festival Ducale A"]
[Site "Genova ITA"]
[Date "2002.11.28"]
[Round "5"]
[White "Sanchez, Joseph"]
[Black "Laketic, Gojko"]
[Result "1-0"]
[WhiteElo "2307"]
[BlackElo "2444"]
[PlyCount "73"]
[EventDate "2002.11.25"]

1. e4 c6 2. d4 d5 3. f3 e6 4. Nc3 Bb4 5. Bf4 Nf6 6. Qd3 b6 7. Nge2 Ba6 8. Qe3
Nbd7 9. O-O-O O-O 10. h4 c5 11. e5 Ne8 12. a3 Bxc3 13. Nxc3 Bxf1 14. Rhxf1 Nc7
15. h5 Qe7 16. Rfe1 Rfc8 17. Bg5 Qf8 18. f4 a6 19. g4 Nb5 20. Nxb5 axb5 21. h6
g6 22. dxc5 bxc5 23. f5 b4 24. Rxd5 exd5 25. e6 d4 26. Qe4 fxe6 27. Qxe6+ Qf7
28. Qxf7+ Kxf7 29. Re7+ Kf8 30. fxg6 Kg8 31. Rg7+ Kh8 32. Rxh7+ Kg8 33. Rxd7
Ra6 34. Bf4 Re8 35. h7+ Kh8 36. Be5+ Rxe5 37. Rd8+ 1-0

[Event "X Festival Ducale A"]
[Site "Genova ITA"]
[Date "2002.11.28"]
[Round "5"]
[White "Sareen, Vishal"]
[Black "Efimov, Igor"]
[Result "1-0"]
[WhiteElo "2335"]
[BlackElo "2480"]
[PlyCount "55"]
[EventDate "2002.11.25"]

1. e4 c5 2. Nf3 d6 3. d4 cxd4 4. Nxd4 Nf6 5. Nc3 Bd7 6. Bc4 Nc6 7. Bb3 g6 8. f3
Nxd4 9. Qxd4 Bg7 10. Bg5 O-O 11. Qd2 b5 12. a3 a5 13. O-O a4 14. Ba2 b4 15.
axb4 Qb6+ 16. Kh1 Qxb4 17. e5 Nh5 18. g4 Bxe5 19. gxh5 a3 20. Rae1 axb2 21.
Rxe5 Rfc8 22. Bxf7+ Kxf7 23. Rxe7+ Kf8 24. Qd5 Qc4 25. Rfe1 Be6 26. Qxd6 Kg8
27. hxg6 h6 28. Qe5 1-0

[Event "X Festival Ducale A"]
[Site "Genova ITA"]
[Date "2002.11.29"]
[Round "6"]
[White "Aceto, Lorenzo"]
[Black "Gentile, Claudio"]
[Result "1-0"]
[WhiteElo "1866"]
[BlackElo "2156"]
[PlyCount "75"]
[EventDate "2002.11.25"]

1. Nf3 Nf6 2. c4 c5 3. g3 b6 4. Bg2 Bb7 5. O-O g6 6. Nc3 Bg7 7. d3 O-O 8. Bg5
d6 9. Qd2 Nc6 10. Rab1 Qd7 11. e4 Nd4 12. Nxd4 cxd4 13. Nd5 Nxd5 14. exd5 e5
15. dxe6 fxe6 16. Bxb7 Qxb7 17. Rbe1 Rae8 18. Re4 d5 19. cxd5 Qxd5 20. a3 Rf5
21. h4 Qb3 22. Qe2 Rc5 23. Rc1 Rxc1+ 24. Bxc1 Rc8 25. Bf4 Rc2 26. Qg4 Kf7 27.
Bd6 Bf6 28. Qf4 Kg7 29. Be5 Bxe5 30. Qxe5+ Kf7 31. Rf4+ Ke7 32. Qg7+ Kd6 33.
Rxd4+ Kc5 34. Qd7 Rc1+ 35. Kg2 Qxb2 36. Qd6+ Kb5 37. Rb4+ Qxb4 38. Qxb4+ 1-0

[Event "X Festival Ducale A"]
[Site "Genova ITA"]
[Date "2002.11.29"]
[Round "6"]
[White "Bartonicek, Zdenek"]
[Black "Mrdja, Milan"]
[Result "0-1"]
[WhiteElo "2109"]
[BlackElo "2368"]
[PlyCount "112"]
[EventDate "2002.11.25"]

1. Nf3 Nf6 2. d4 g6 3. c4 Bg7 4. Nc3 O-O 5. e4 d6 6. h3 e5 7. Bg5 exd4 8. Nxd4
Re8 9. Bd3 Nxe4 10. Nxe4 Qxg5 11. O-O Qd8 12. Bc2 Nc6 13. Nxc6 bxc6 14. Rb1 Rb8
15. b3 Qh4 16. Ng3 Bd7 17. Qf3 Qf6 18. Qd1 Qf4 19. Ne2 Qg5 20. Ng3 Re6 21. Re1
Rbe8 22. Rxe6 Rxe6 23. Qd3 Qa5 24. Ne4 f5 25. Ng3 Re1+ 26. Rxe1 Qxe1+ 27. Nf1
Be5 28. Qf3 Kg7 29. h4 a5 30. a4 Qc3 31. Qd1 Qd4 32. Qe1 Qc3 33. Qe2 Be6 34.
Ne3 Bf7 35. h5 Bf4 36. hxg6 hxg6 37. Nd1 Qd2 38. Kf1 Qd4 39. Qd3 Be5 40. Ne3 d5
41. cxd5 cxd5 42. Ke2 Qxd3+ 43. Kxd3 c5 44. g3 Bd4 45. f4 Bxe3 46. Kxe3 d4+ 47.
Kd3 Bd5 48. Bd1 Kf6 49. Be2 Bxb3 50. Bf3 g5 51. Bc6 gxf4 52. gxf4 Ke6 53. Be8
Kd6 54. Bg6 Bxa4 55. Bxf5 Bb5+ 56. Ke4 a4 0-1

[Event "X Festival Ducale A"]
[Site "Genova ITA"]
[Date "2002.11.29"]
[Round "6"]
[White "Dgebuadze, Alexandre"]
[Black "Sareen, Vishal"]
[Result "1-0"]
[WhiteElo "2537"]
[BlackElo "2335"]
[PlyCount "63"]
[EventDate "2002.11.25"]

1. e4 c5 2. Nf3 Nc6 3. Bb5 e6 4. O-O Nge7 5. c3 d5 6. exd5 Qxd5 7. d4 cxd4 8.
c4 Qd8 9. Nxd4 Bd7 10. Nf3 Ng6 11. Nc3 Be7 12. Qe2 Qc7 13. Be3 O-O 14. Rac1
Rad8 15. Rfd1 Qb8 16. a3 Bc8 17. c5 Rxd1+ 18. Rxd1 e5 19. b4 a5 20. Nd5 axb4
21. axb4 Be6 22. Nxe7+ Ngxe7 23. Ng5 Bf5 24. Qb2 h6 25. Nf3 Rd8 26. Rxd8+ Qxd8
27. h3 Qd1+ 28. Kh2 e4 29. Nd4 Qe1 30. Bxc6 bxc6 31. b5 cxb5 32. Qxb5 1-0

[Event "X Festival Ducale A"]
[Site "Genova ITA"]
[Date "2002.11.29"]
[Round "6"]
[White "Efimov, Igor"]
[Black "Puglisi, Vincenzo"]
[Result "1-0"]
[WhiteElo "2480"]
[BlackElo "2115"]
[PlyCount "57"]
[EventDate "2002.11.25"]

1. d4 d5 2. c4 c6 3. Nc3 Nf6 4. Nf3 a6 5. a4 Bf5 6. Qb3 Ra7 7. Bf4 e6 8. c5
Nbd7 9. e3 b6 10. cxb6 Qxb6 11. Qxb6 Nxb6 12. Ne5 c5 13. dxc5 Bxc5 14. Nc6 Ra8
15. b4 Bf8 16. f3 Rc8 17. b5 a5 18. g4 Bg6 19. h4 h6 20. Ra2 Bc5 21. Rb2 Nfd7
22. h5 Bh7 23. Nxa5 e5 24. Bg3 Bxe3 25. Nc6 e4 26. fxe4 d4 27. Nd5 Nxd5 28.
exd5 d3 29. Bf2 1-0

[Event "X Festival Ducale A"]
[Site "Genova ITA"]
[Date "2002.11.29"]
[Round "6"]
[White "Gorshkova, Irina"]
[Black "Frigieri, Fabrizio"]
[Result "1-0"]
[WhiteElo "2190"]
[BlackElo "2052"]
[PlyCount "117"]
[EventDate "2002.11.25"]

1. e4 c5 2. c3 d5 3. exd5 Qxd5 4. d4 g6 5. Nf3 Bg7 6. Be3 Nf6 7. dxc5 Qxd1+ 8.
Kxd1 Ng4 9. Nbd2 Nc6 10. Bb5 Bd7 11. Nd4 Nce5 12. Kc2 O-O-O 13. Bxd7+ Rxd7 14.
b4 Nxe3+ 15. fxe3 Ng4 16. Nc4 Bh6 17. Rae1 e5 18. Nb5 Kb8 19. Nbd6 Bg7 20. h3
Nh6 21. a4 f5 22. Rhf1 Rhd8 23. Rd1 e4 24. Na5 Be5 25. Ndxb7 Rxd1 26. Rxd1 Rxd1
27. Kxd1 Bxc3 28. Nd6 a6 29. Nc6+ Kc7 30. b5 axb5 31. axb5 Ng8 32. Kc2 Be1 33.
Nd4 Ne7 34. b6+ Kd8 35. b7 Kc7 36. c6 Nd5 37. N4b5+ Kb8 38. Nc4 Bg3 39. Nd4
Nb4+ 40. Kb3 Nxc6 41. Nxc6+ Kxb7 42. Nd8+ Kc8 43. Ne6 h6 44. Kc3 Bh4 45. Kd4
Bf6+ 46. Kd5 Be7 47. Ne5 g5 48. Nf7 f4 49. Kxe4 fxe3 50. Kxe3 Kd7 51. Ng7 Bf8
52. Nf5 Ke6 53. N7xh6 Ke5 54. g4 Kf6 55. Ke4 Kg6 56. Ke5 Ba3 57. Ke6 Bb2 58.
Nf7 Bc3 59. Ne7+ 1-0

[Event "X Festival Ducale A"]
[Site "Genova ITA"]
[Date "2002.11.29"]
[Round "6"]
[White "Laketic, Gojko"]
[Black "Fongarolli, Diego"]
[Result "1-0"]
[WhiteElo "2444"]
[BlackElo "2089"]
[PlyCount "47"]
[EventDate "2002.11.25"]

1. Nf3 c5 2. g3 Nc6 3. Bg2 g6 4. O-O Bg7 5. c3 d5 6. d4 cxd4 7. cxd4 e6 8. Nc3
Nge7 9. Bg5 O-O 10. Qd2 Re8 11. e4 Qb6 12. e5 Bd7 13. Rfd1 Rac8 14. g4 Na5 15.
b3 Bb5 16. Rac1 Bc6 17. Rc2 Bf8 18. Rdc1 Bd7 19. Bh6 Bg7 20. Qf4 Qd8 21. h4 Rf8
22. Bg5 Qe8 23. Bf6 Kh8 24. Qh6 1-0

[Event "X Festival Ducale A"]
[Site "Genova ITA"]
[Date "2002.11.29"]
[Round "6"]
[White "Mollero, Michele"]
[Black "Beccaris, Gabriele"]
[Result "1-0"]
[WhiteElo "2164"]
[BlackElo "1824"]
[PlyCount "89"]
[EventDate "2002.11.25"]

1. d4 Nf6 2. c4 e6 3. Nf3 c5 4. Nc3 cxd4 5. Qxd4 Nc6 6. Qf4 d5 7. cxd5 Nxd5 8.
Nxd5 exd5 9. Bd2 d4 10. e3 dxe3 11. Qxe3+ Qe7 12. Bb5 Qxe3+ 13. Bxe3 Bd7 14.
O-O g6 15. Ba4 b5 16. Bb3 Be7 17. Rfd1 Bf5 18. Rac1 Rc8 19. Bxf7+ Kxf7 20. Rxc6
Rxc6 21. Ne5+ Ke6 22. Nxc6 Bf6 23. Bd4 Rc8 24. Bxf6 Kxf6 25. Nd4 b4 26. f3 a5
27. a3 bxa3 28. bxa3 Bd7 29. Rd3 Rc1+ 30. Kf2 Ra1 31. Re3 a4 32. g4 g5 33. h4
Rd1 34. Ne2 Rd2 35. Kg3 h6 36. Nc3 Rc2 37. Nd5+ Kf7 38. Re7+ Kf8 39. Rxd7 Ra2
40. Ra7 Rxa3 41. Nb6 Rd3 42. Nxa4 Rd5 43. Nc3 Re5 44. Ne4 Rb5 45. Rh7 1-0

[Event "X Festival Ducale A"]
[Site "Genova ITA"]
[Date "2002.11.29"]
[Round "6"]
[White "Paragua, Mark"]
[Black "Massa, Giovanni"]
[Result "1-0"]
[WhiteElo "2476"]
[BlackElo "2096"]
[PlyCount "59"]
[EventDate "2002.11.25"]

1. e4 c5 2. b3 e6 3. Bb2 d5 4. exd5 exd5 5. Nf3 Nf6 6. Bb5+ Nc6 7. Qe2+ Qe7 8.
Bxf6 gxf6 9. Nc3 Qxe2+ 10. Bxe2 Be6 11. O-O-O Rg8 12. Rhg1 d4 13. Ne4 Be7 14.
Bb5 Bd5 15. Rde1 O-O-O 16. Ng3 Bd6 17. Nf5 Bxf3 18. gxf3 Kc7 19. h4 Rg6 20. Bc4
Rdg8 21. Rxg6 Rxg6 22. Bxf7 Rg2 23. Nxd6 Kxd6 24. Re6+ Kd7 25. Rxf6 Ke7 26. Rf4
Kd6 27. Bc4 Rxf2 28. Rf6+ Ke5 29. Rf7 Na5 30. Bd3 1-0

[Event "X Festival Ducale A"]
[Site "Genova ITA"]
[Date "2002.11.29"]
[Round "6"]
[White "Van Hoolandt, Patrick"]
[Black "Stroppa, Daniel"]
[Result "1/2-1/2"]
[WhiteElo "2173"]
[BlackElo "2274"]
[PlyCount "92"]
[EventDate "2002.11.25"]

1. c4 e5 2. g3 d6 3. Bg2 f5 4. d4 Be7 5. e4 exd4 6. exf5 c5 7. Qh5+ Kf8 8. g4
Nc6 9. Bxc6 bxc6 10. Ne2 Qe8 11. Qxe8+ Kxe8 12. Nf4 Kf7 13. Nd2 g6 14. fxg6+
hxg6 15. f3 Nf6 16. b3 Re8 17. Kf2 Nd7 18. h4 Ne5 19. Ne4 Rh8 20. h5 gxh5 21.
Bd2 h4 22. Rae1 Bd7 23. Nxc5 Nxg4+ 24. fxg4 dxc5 25. Rxe7+ Kxe7 26. Ng6+ Kf6
27. Nxh8 Rxh8 28. Kf3 h3 29. Bf4 Rh4 30. Bg3 Rh7 31. Bd6 Kg5 32. Bf4+ Kg6 33.
Kg3 d3 34. Rxh3 Rxh3+ 35. Kxh3 Kf6 36. Kg3 Ke6 37. g5 Kf5 38. Bd2 Be8 39. Kf3
Bg6 40. Be3 a6 41. Bd2 Bh7 42. Bc1 Bg6 43. Kf2 Kg4 44. Ke1 Bf5 45. Be3 Bg6 46.
Kd2 Bf5 1/2-1/2

[Event "X Festival Ducale A"]
[Site "Genova ITA"]
[Date "2002.11.30"]
[Round "7"]
[White "Bartonicek, Zdenek"]
[Black "Aceto, Lorenzo"]
[Result "0-1"]
[WhiteElo "2109"]
[BlackElo "1866"]
[PlyCount "76"]
[EventDate "2002.11.25"]

1. Nf3 d5 2. d4 Nf6 3. c4 e6 4. Nc3 Be7 5. e3 b6 6. cxd5 exd5 7. Bd3 Bb7 8. O-O
O-O 9. Ne5 c5 10. Qf3 Nc6 11. Nxc6 Bxc6 12. Bd2 Qd7 13. Rfc1 Qb7 14. Ne2 Ne4
15. Be1 Rae8 16. Ng3 g6 17. Qd1 Bd6 18. Qc2 Nxg3 19. hxg3 c4 20. Be2 b5 21. Bf3
b4 22. a3 a5 23. axb4 axb4 24. Ra5 Ra8 25. Rxa8 Rxa8 26. e4 b3 27. Qc3 dxe4 28.
Be2 Bd5 29. Bxc4 Rc8 30. Qa5 Bxc4 31. Bd2 Be6 32. Rxc8+ Qxc8 33. Bc3 Bc7 34.
Qg5 Bd8 35. Qh6 Bf6 36. d5 Bxc3 37. dxe6 Qxe6 38. bxc3 b2 0-1

[Event "X Festival Ducale A"]
[Site "Genova ITA"]
[Date "2002.11.30"]
[Round "7"]
[White "Capurro, Giuliano"]
[Black "Van Hoolandt, Patrick"]
[Result "0-1"]
[WhiteElo "2048"]
[BlackElo "2173"]
[PlyCount "102"]
[EventDate "2002.11.25"]

1. e4 e5 2. Nf3 Nc6 3. d4 exd4 4. c3 dxc3 5. Nxc3 d6 6. Bc4 Nf6 7. Qb3 Qd7 8.
Bb5 a6 9. Qa4 Rb8 10. Bxc6 Qxc6 11. Qxc6+ bxc6 12. e5 Nd7 13. O-O dxe5 14. Nxe5
Nxe5 15. Re1 f6 16. f4 Bc5+ 17. Be3 Nd3 18. Bxc5+ Nxe1 19. Rxe1+ Kf7 20. Re7+
Kg6 21. b4 Bf5 22. Rxc7 Rhc8 23. Re7 Re8 24. Rc7 Rbd8 25. Rxc6 Rd2 26. h3 Bxh3
27. Bf2 Rc8 28. Rxc8 Bxc8 29. a4 Kf5 30. b5 axb5 31. axb5 Kxf4 32. b6 Bb7 33.
Na4 Rc2 34. Nc5 Be4 35. Ne6+ Kg4 36. Nxg7 Rb2 37. Ne8 Kg5 38. Be3+ Kg6 39. Bf2
h5 40. Nd6 Bd5 41. Ne8 f5 42. Nc7 Be4 43. Ne6 h4 44. Nf4+ Kg5 45. Be3 Kg4 46.
Kf1 Bb7 47. Kg1 h3 48. gxh3+ Kf3 49. Bc1 Rb1 50. Nd3 Kg3 51. Kf1 Ba6 0-1

[Event "X Festival Ducale A"]
[Site "Genova ITA"]
[Date "2002.11.30"]
[Round "7"]
[White "Carosso, Andrea"]
[Black "Pircher, Karl"]
[Result "1-0"]
[WhiteElo "1738"]
[BlackElo "2058"]
[PlyCount "79"]
[EventDate "2002.11.25"]

1. c4 e6 2. g3 d5 3. Bg2 Nf6 4. Nf3 Be7 5. O-O O-O 6. b3 c5 7. Bb2 Nc6 8. cxd5
Nxd5 9. d4 cxd4 10. Nxd4 Nxd4 11. Bxd4 Bf6 12. Bxf6 Qxf6 13. Na3 Rd8 14. Qc2
Bd7 15. e4 Rac8 16. Qe2 Nc3 17. Qe3 b6 18. Rfc1 Nb5 19. e5 Qe7 20. Nc4 Be8 21.
a4 Nc7 22. Nd6 Rb8 23. Rc2 Nd5 24. Bxd5 exd5 25. Qd4 Qg5 26. Rac1 Bd7 27. Rc7
Be6 28. f4 Qg4 29. Qd3 d4 30. f5 Bd5 31. Rf1 h5 32. Rf4 Qh3 33. Qd2 Rxd6 34.
exd6 Re8 35. Re7 Rc8 36. Rf1 Rc3 37. Qf2 d3 38. d7 Rc2 39. d8=Q+ Kh7 40. Qxd5
1-0

[Event "X Festival Ducale A"]
[Site "Genova ITA"]
[Date "2002.11.30"]
[Round "7"]
[White "Fongarolli, Diego"]
[Black "Morselli, Stefano"]
[Result "1-0"]
[WhiteElo "2089"]
[BlackElo "1750"]
[PlyCount "71"]
[EventDate "2002.11.25"]

1. e4 g6 2. d4 Bg7 3. Nc3 d6 4. f4 Nf6 5. Nf3 O-O 6. Bd3 c5 7. dxc5 dxc5 8. O-O
Nc6 9. e5 Nd5 10. Ne4 Qc7 11. c3 Nb6 12. Qe2 c4 13. Bc2 Be6 14. Be3 Nd5 15. Bc1
b5 16. Nfg5 Bf5 17. g4 Qb6+ 18. Kh1 Bd7 19. Rd1 e6 20. Nf3 f6 21. exf6 Bxf6 22.
f5 Nce7 23. g5 Bh8 24. f6 Nf5 25. Ne5 Bc6 26. Ng4 Rad8 27. Rf1 Bxf6 28. gxf6
Nxf6 29. Ngxf6+ Rxf6 30. Bg5 Nd4 31. cxd4 Rxd4 32. Bxf6 Rd7 33. Rf3 Qb7 34.
Raf1 Rd2 35. Qxd2 Bxe4 36. Bxe4 1-0